01852nac a22003971i 4500003000900000005001700009008004100026020002200067020002500089035002300114040004300137082002100180245012800201246003600329250003400365264005900399300002800458336002600486337002800512338002700540500029800567500006800865504004100933650003700974655001701011700003601028700002401064700003101088700003001119700002801149700002701177856009101204942001201295999001501307952013201322EG-ScBUE20250219102020.0250212s2006 enk f bd 000 0 eng d a0199206139 (Pbk.) a9780199206131 (Pbk.) a(OCoLC)ocm52324277 aEG-ScBUEbengerdacEG-ScBUEdEG-ScBUE04a519.503bOXF22204aThe Oxford dictionary of statistical terms /ceditor Yadolah Dodge, University of Neuchâtel, Swizerland and [five others]30aDictionary of statistical terms aFirst published in paperback.1 aOxford ;aNew York : bOxford University Press,c2006. avii, 498 pages ;c22 cm 2rdacontentatextbtxt aunmediated2rdamediabn avolumebnc2rdacarrier aRevised edition of A dictionary of statistical terms. fifth edition / prepared for the International Statistical Institute by F.H.C. Marriott. Burnt Mill, Harlow, Essex, England : Published for the International Statistical Institute by Longman Scientific & Technical ; New York : Wiley, 1990. aPublished on behalf of the International Statistical Institute. aIncludes bibliographical references. 7aStatisticsvDictionaries.2BUEsh vReading book1 aDodge, Yadolah,d1944-eeditor.1 aCox, Davideeditor.1 aCommenges, Danieleeditor.1 aDavison, Anthonyeeditor.1 aSolomon, Pattyeeditor.1 aWilson, Suzaneeditor.423Publisher descriptionuhttp://www.loc.gov/catdir/enhancements/fy0615/2003284130-d.html cNB2ddc c8575d8575 00102ddc40708AlahramaMAINbMAINc1STd2013-03-08ePurchasel0o519.503 OXFp000010403r2025-07-15 00:00:00w2008-03-13yNB